000 00461nam a2200181Ia 4500
001 9091
005 20260306160658.0
008 260306t2010||||xx |||||||||||||| ||spa||
041 _aESP
082 _a372.6
_bM84
100 _aMontealegre Aguilar, Armando
_eAUT
245 0 _aEstrategias para desarrollar oralidad, lectura y escritura
260 _c2010
300 _a128 páginas :
_c21 cm.
650 _aGEN
654 _aCED
942 _cLIB
_dJUS
_fJUS
_2ddc
_n
999 _c9091
_d9091